[Event "Mittelfranken-chTB2a 1516"]
[Site "Mittelfranken"]
[Date "2016.04.17"]
[Round "9.8"]
[White "Schwab, Roland"]
[Black "Kreidl, Franz"]
[Result "1-0"]
[WhiteElo "1640"]
[BlackElo "1281"]
[PlyCount "79"]
[EventDate "2015.10.18"]
[EventType "team-tourn"]
[EventRounds "9"]
[EventCountry "GER"]
[SourceTitle "EXT 2020"]
[Source "ChessBase"]
[SourceDate "2019.10.17"]
[SourceVersion "1"]
[SourceVersionDate "2019.10.17"]
[SourceQuality "1"]
[WhiteTeam "Zirndorf II"]
[BlackTeam "Cadolzburg"]
[WhiteTeamCountry "GER"]
[BlackTeamCountry "GER"]

1. e4 e5 2. Nf3 Nc6 3. Bb5 Nd4 4. Nxd4 exd4 5. d3 h6 6. 0-0 c6 7. Bc4 a5 8. a3 Bd6 9. f4 b5 10. Ba2 a4 11. Nd2 Bb7 12. Qg4 Bf8 13. e5 Ne7 14. f5 d5 15. exd6 Qxd6 16. Ne4 Qe5 17. f6 Bc8 18. Qf3 Nf5 19. Bf4 Nh4 20. Bxe5 Nxf3+ 21. Rxf3 g6 22. Nd6+ Bxd6 23. Bxd6 Bg4 24. Rf4 Rd8 25. Be7 Be6 26. Bxe6 fxe6 27. Bxd8 Kxd8 28. Rxd4+ Kc7 29. Rf1 Rf8 30. c4 c5 31. Re4 bxc4 32. Rxc4 Kd6 33. Rxa4 Kd5 34. Ra7 e5 35. Re7 Kd6 36. Rg7 g5 37. f7 Ke7 38. Rg8 Rxf7 39. Rxf7+ Kxf7 40. Rc8 1-0

[Event "Mittelfranken-chTB2a 1516"]
[Site "Mittelfranken"]
[Date "2016.04.03"]
[Round "8.8"]
[White "Weidenhoefer, Robert"]
[Black "Schwab, Roland"]
[Result "1/2-1/2"]
[WhiteElo "1574"]
[BlackElo "1640"]
[PlyCount "56"]
[EventDate "2015.10.18"]
[EventType "team-tourn"]
[EventRounds "9"]
[EventCountry "GER"]
[SourceTitle "EXT 2020"]
[Source "ChessBase"]
[SourceDate "2019.10.17"]
[SourceVersion "1"]
[SourceVersionDate "2019.10.17"]
[SourceQuality "1"]
[WhiteTeam "Nuernberg Sued SW IV"]
[BlackTeam "Zirndorf II"]
[WhiteTeamCountry "GER"]
[BlackTeamCountry "GER"]

1. b3 Nf6 2. Bb2 e6 3. e3 d5 4. Nf3 Be7 5. c4 0-0 6. Nc3 c5 7. cxd5 exd5 8. d4 Nc6 9. Be2 Be6 10. 0-0 Rc8 11. dxc5 Bxc5 12. Na4 Be7 13. Nd4 Bd6 14. f4 Re8 15. Bf3 Ne4 16. Rc1 Bd7 17. Nb5 Qa5 18. Nxd6 Nxd6 19. Bc3 Qd8 20. Qxd5 Nf5 21. Bg4 Nce7 22. Qxb7 Bxa4 23. bxa4 Qd3 24. Qb3 Rb8 25. Qd1 Qxd1 26. Rfxd1 Nxe3 27. Rd7 Nxg4 28. Re1 Nf5 1/2-1/2

[Event "Mittelfranken-chTB2a 1516"]
[Site "Mittelfranken"]
[Date "2016.02.14"]
[Round "6.8"]
[White "Wallstabe, Antje"]
[Black "Schwab, Roland"]
[Result "1-0"]
[WhiteElo "1719"]
[BlackElo "1640"]
[PlyCount "69"]
[EventDate "2015.10.18"]
[EventType "team-tourn"]
[EventRounds "9"]
[EventCountry "GER"]
[SourceTitle "EXT 2020"]
[Source "ChessBase"]
[SourceDate "2019.10.17"]
[SourceVersion "1"]
[SourceVersionDate "2019.10.17"]
[SourceQuality "1"]
[WhiteTeam "Bad Windsheim/Ansbach"]
[BlackTeam "Zirndorf II"]
[WhiteTeamCountry "GER"]
[BlackTeamCountry "GER"]

1. c4 Nf6 2. Nc3 e6 3. e3 d5 4. d4 Bb4 5. Bd2 0-0 6. Bd3 c5 7. Nge2 Nc6 8. a3 cxd4 9. exd4 Bxc3 10. bxc3 dxc4 11. Bxc4 e5 12. Bg5 exd4 13. cxd4 h6 14. Bh4 Bg4 15. f3 Bf5 16. 0-0 Qd6 17. Bg3 Qd7 18. Qd2 Rad8 19. Rfd1 Rfe8 20. Qb2 a6 21. a4 Nd5 22. Bxd5 Qxd5 23. Nf4 Qd7 24. d5 Ne5 25. Rd4 g5 26. Nh5 Qd6 27. f4 Nd3 28. Rxd3 Qg6 29. Nf6+ Kf8 30. Qb4+ Re7 31. d6 Re6 32. d7+ Kg7 33. Ne8+ Kh7 34. Rd4 Rb6 35. Qe7 1-0

[Event "Mittelfranken-chTB2a 1516"]
[Site "Mittelfranken"]
[Date "2015.10.18"]
[Round "1.8"]
[White "Classen, Andrej"]
[Black "Schwab, Roland"]
[Result "1/2-1/2"]
[WhiteElo "1783"]
[BlackElo "1640"]
[PlyCount "49"]
[EventDate "2015.10.18"]
[EventType "team-tourn"]
[EventRounds "9"]
[EventCountry "GER"]
[SourceTitle "EXT 2020"]
[Source "ChessBase"]
[SourceDate "2019.10.17"]
[SourceVersion "1"]
[SourceVersionDate "2019.10.17"]
[SourceQuality "1"]
[WhiteTeam "Buechenbach/Roth II"]
[BlackTeam "Zirndorf II"]
[WhiteTeamCountry "GER"]
[BlackTeamCountry "GER"]

1. e4 c5 2. f4 d6 3. Nf3 Nc6 4. c3 Nf6 5. d3 e6 6. Na3 Be7 7. Nc2 Qb6 8. Be2 0-0 9. Ne3 d5 10. e5 Ne8 11. 0-0 Bd7 12. Kh1 f6 13. d4 Rc8 14. Ng4 cxd4 15. cxd4 f5 16. Ne3 Nc7 17. Nc2 Nb5 18. Be3 Na5 19. Nd2 a6 20. Rc1 Rc7 21. a4 Na7 22. b3 Rfc8 23. Rb1 Rxc2 24. Nc4 R2xc4 25. bxc4 1/2-1/2